000 00723nam a22002297a 4500
003 UA-OsUOA
001 69017
007 ta
008 20100531b un ||||| |||| 00| 0 ukr d
100 _aКороткевич О.В.
700 _aБагрий А.А.
090 _a330
_bК68
942 _cSA
040 _aUA-OsUOA
_bukr
_cUA-OsUOA
_dUA-OsUOA
245 _aФормирование системы налогообложения недвижимого имущества физических лиц
300 _aС.54-67
955 _a0
041 _aukr
080 _a330
773 0 _w69013
_tЕкономіка і прогрнозування
_dК.
_d2010
_g1
650 7 _a330 Економіка взагалі
_2UDC
999 _c355271
_d355271